00218 a2200109 4500001000700000020000600007040001100013100002600024240002700050245002200077362000900099169610 a  cMagnum aFreedman, Jonathan L.10aPsicologia sociallpor10aPsicologia social0 a1899